000 00359cam a22001097a 4500
008 180718b1960 xxu||||| |||| 00| 0 eng d
082 _aP3x42 Un3a
245 _aAssistance with the cost of boarding education: report
_cby Ministry of Education
260 _aLondon
_bHer Majesty's Stationery Office
_c1960
300 _a15p.
700 _aU.K. Ministry of Education
999 _c414755
_d414755